| 000 | 00968cab a2200205 4500 | ||
|---|---|---|---|
| 001 | ##L134394 | ||
| 008 | 060802n2006 000 0 eng u | ||
| 035 | _a(Sirsi) u134394 | ||
| 041 | 0 | _aeng | |
| 100 | 1 | _aDale, Geoffrey | |
| 245 | 0 | 4 | _aThe general rule may not always be seen as appropriate |
| 260 | _c2006 | ||
| 490 | 0 |
_aEstates Gazette _v(0630) 29 July 2006, 100(1) |
|
| 520 | _aExplains costs allocation in arbitration proceedings. Sets out the logical process stage by stage, from looking at the parties' submissions, through Calderbank offers, to near-miss contentions. Finally, considers the general rule that costs should follow the event and when this is inappropriate, the timing of the offers and periods of acceptance. | ||
| 590 | _aIKA010806 | ||
| 650 | 2 | 4 | _aCALDERBANK OFFERS |
| 651 | 4 |
_aEngland and Wales _y1543- |
|
| 690 | _aMANAGEMENT-DISPUTE AVOIDANCE, MANAGEMENT AND RESOLUTION-DISPUTE MANAGEMENT AND RESOLUTION-ARBITRATION | ||
| 942 | _n0 | ||
| 999 |
_c77503 _d77503 |
||